[Event "Bogota AlphaZero op"]
[Site "Bogota"]
[Date "2018.08.19"]
[Round "4"]
[White "Villalobos, Alejandro"]
[Black "Guevara Rincon, Cristian Camilo"]
[Result "0-1"]
[WhiteElo "1419"]
[BlackElo "1641"]
[PlyCount "107"]
[EventDate "2018.08.17"]
[EventType "swiss"]
[EventRounds "7"]
[EventCountry "COL"]
[SourceTitle "CBM 186 Extra"]
[Source "ChessBase"]
[SourceDate "2018.08.24"]
[SourceVersion "1"]
[SourceVersionDate "2018.08.24"]
[SourceQuality "1"]

1. d4 Nf6 2. Bf4 g6 3. e3 Bg7 4. Be2 d6 5. Nf3 0-0 6. 0-0 Re8 7. h3 Nbd7 8. c4 c6 9. Nc3 Qc7 10. c5 Nh5 11. cxd6 exd6 12. Bh2 Nhf6 13. Qb3 Nb6 14. Rac1 Be6 15. Qc2 Bf5 16. Bd3 Bxd3 17. Qxd3 Qe7 18. Rc2 Nfd5 19. Nxd5 Nxd5 20. a3 f5 21. Re1 Qf6 22. Rce2 Re4 23. Nd2 Re6 24. e4 fxe4 25. Rxe4 Rae8 26. Rxe6 Rxe6 27. Rxe6 Qxe6 28. Ne4 Nf6 29. Nxf6+ Bxf6 30. Qe3 Kf7 31. Qc3 Bxd4 32. Qf3+ Bf6 33. Kf1 Qc4+ 34. Ke1 Qc1+ 35. Qd1 Qxb2 36. Bxd6 Qa1 37. Qxa1 Bxa1 38. Ke2 Ke6 39. Bc5 b6 40. Be3 Kd5 41. Kd3 c5 42. Bf4 Be5 43. Bg5 Bd4 44. f3 b5 45. Be7 Bb2 46. g4 Bxa3 47. Bf6 a5 48. f4 c4+ 49. Kc2 b4 50. Bd8 b3+ 51. Kc3 Bb4+ 52. Kb2 a4 53. Bf6 c3+ 54. Kb1 0-1

[Event "Bogota sf2 U16"]
[Site "Bogota"]
[Date "2018.04.01"]
[Round "6.9"]
[White "Alvarez Angel, Nelson Eduardo"]
[Black "Villalobos, Alejandro"]
[Result "1-0"]
[WhiteElo "1894"]
[BlackElo "1538"]
[PlyCount "75"]
[EventDate "2018.03.29"]
[EventType "swiss"]
[EventRounds "6"]
[EventCountry "COL"]
[SourceTitle "EXT 2024"]
[Source "ChessBase"]
[SourceDate "2023.10.10"]
[SourceVersion "1"]
[SourceVersionDate "2023.10.10"]
[SourceQuality "1"]

1. d4 e6 2. c4 Nf6 3. Nc3 Bb4 4. Qc2 0-0 5. Bg5 d5 6. e3 Nbd7 7. cxd5 exd5 8. Bd3 Qe8 9. Nge2 Ne4 10. Bxe4 Qxe4 11. Qxe4 dxe4 12. a3 Bxc3+ 13. Nxc3 Re8 14. Nd5 Rf8 15. Nxc7 Rb8 16. Be7 Nb6 17. Bxf8 Kxf8 18. Nb5 a6 19. Nd6 f5 20. Rc1 Ke7 21. Nxc8+ Rxc8 22. Rxc8 Nxc8 23. Kd2 Kd6 24. Rc1 Ne7 25. f3 exf3 26. gxf3 g5 27. Kd3 b6 28. b3 Kd7 29. e4 f4 30. e5 Nd5 31. Ke4 Ne3 32. d5 h5 33. e6+ Ke7 34. Ke5 g4 35. d6+ Kd8 36. e7+ Kd7 37. Rc7+ Ke8 38. Ke6 1-0

[Event "Bogota sf2 U16"]
[Site "Bogota"]
[Date "2018.03.29"]
[Round "1.12"]
[White "Villalobos, Alejandro"]
[Black "Fitzgerald, Daniela"]
[Result "1/2-1/2"]
[WhiteElo "1538"]
[BlackElo "1557"]
[PlyCount "49"]
[EventDate "2018.03.29"]
[EventType "swiss"]
[EventRounds "6"]
[EventCountry "COL"]
[SourceTitle "EXT 2024"]
[Source "ChessBase"]
[SourceDate "2023.10.10"]
[SourceVersion "1"]
[SourceVersionDate "2023.10.10"]
[SourceQuality "1"]

1. d4 Nf6 2. Bf4 Nh5 3. Bg3 d6 4. e4 Nf6 5. Bd3 c5 6. Ne2 g6 7. dxc5 Qa5+ 8. Nbc3 Qxc5 9. 0-0 Bg7 10. Qd2 0-0 11. Kh1 Nbd7 12. f4 Nb6 13. f5 Ng4 14. Qf4 h5 15. h3 Bh6 16. Qf3 Ne5 17. Bxe5 Qxe5 18. g4 hxg4 19. hxg4 Kg7 20. fxg6 Qg5 21. gxf7 Bxg4 22. Qxg4 Qxg4 23. Rg1 Qxg1+ 24. Rxg1+ Kxf7 25. Nd4 1/2-1/2